Khảo sát các phương pháp trộn ảnh trong xử lý ảnh bằng Matlab : Luận văn tốt nghiệp Cao học. Chuyên ngành Vật lý lý thuyết và Vật lý toán
Đề tài ứng dụng phép biến đổi wavelet với sự hỗ trợ của công cụ Matlab để xây dựng chương trình trộn ảnh với giao diện thân thiện với người dùng, dễ ứng dụng trong thực tiễn để nâng cao chất lượng hình ảnh....
Saved in:
| Main Author: | |
|---|---|
| Format: | Book |
| Language: | Undetermined |
| Published: |
Cần Thơ
Trường Đại học Cần Thơ
2016
|
| Subjects: | |
| Tags: |
Add Tag
No Tags, Be the first to tag this record!
|
| Institutions: | Trung tâm Học liệu Trường Đại học Cần Thơ |
|---|
| LEADER | 01162nam a2200217Ia 4500 | ||
|---|---|---|---|
| 001 | CTU_216695 | ||
| 008 | 210402s9999 xx 000 0 und d | ||
| 082 | |a 621.367 | ||
| 082 | |b L431 | ||
| 088 | |a 60440103 | ||
| 100 | |a Huỳnh, Long | ||
| 245 | 0 | |a Khảo sát các phương pháp trộn ảnh trong xử lý ảnh bằng Matlab : | |
| 245 | 0 | |b Luận văn tốt nghiệp Cao học. Chuyên ngành Vật lý lý thuyết và Vật lý toán | |
| 245 | 0 | |c Huỳnh Long ; Đặng Văn Liệt (Người hướng dẫn) | |
| 260 | |a Cần Thơ | ||
| 260 | |b Trường Đại học Cần Thơ | ||
| 260 | |c 2016 | ||
| 520 | |a Đề tài ứng dụng phép biến đổi wavelet với sự hỗ trợ của công cụ Matlab để xây dựng chương trình trộn ảnh với giao diện thân thiện với người dùng, dễ ứng dụng trong thực tiễn để nâng cao chất lượng hình ảnh. | ||
| 650 | |a Xử lý ảnh,Imaging processing | ||
| 904 | |i Cúc,Hải | ||
| 980 | |a Trung tâm Học liệu Trường Đại học Cần Thơ | ||